| 000 | 00666nam a2200205 a 4500 | ||
|---|---|---|---|
| 005 | 20210219160045.0 | ||
| 008 | 080624s1978 mx r 000 0 spa d | ||
| 035 | _aUPN01000157464 | ||
| 049 | _aUNE | ||
| 080 | _a304 (83) WIT. | ||
| 100 | 1 | _aWitker, Alejandro | |
| 245 | 1 | 0 |
_aChile : _bsociedad y política del acta de la independencia a nuestros días / _cAlejandro Witker. |
| 260 |
_aMéxico : _bUNAM, _c1978. |
||
| 300 |
_a710 p. : _bretrs. |
||
| 690 | _aEstructura social - Chile | ||
| 690 | _aSociedad - Política social - Chile | ||
| 690 | _aChile - Sociedad - Progreso social | ||
| 710 | 2 | _aUniversidad Nacional Autónoma de México | |
| 905 | _aUNESCO | ||
| 999 |
_c129578 _d129578 |
||